Normal view
MARC view
Entry Topical Term
001 - CONTROL NUMBER
- control field: 4073
003 - CONTROL NUMBER IDENTIFIER
- control field: BD-RjUL
005 - DATE AND TIME OF LATEST TRANSACTION
- control field: 20220721130308.0
008 - FIXED-LENGTH DATA ELEMENTS
- fixed length control field: 220721|| aca||aabn | a|a d
040 ## - CATALOGING SOURCE
- Original cataloging agency: BD-RjUL
- Transcribing agency: BD-RjUL
150 ## - HEADING--TOPICAL TERM
- Topical term or geographic name entry element: Rural women
- Geographic subdivision: Bangladesh
- Geographic subdivision: Rajshahi District
- General subdivision: Social conditions
670 ## - SOURCE DATA FOUND
- Source citation: Work cat.: (BD-RjUL)79601: Sultana, Nahid 1987, The role of NGOs in increasing awareness among vulnerable women in Bangladesh :, 2005